000 00562nam a2200229Ia 4500
003 OSt
005 20220918204754.0
006 a|||||r|||| 00| 0
007 ta
008 220917b |||||||| |||| 00| 0 eng d
024 _a114,033
037 _cTextual
040 _aARTS
_cARTS
_beng
041 _2eng
_aeng
082 _aV58:1:N1, K4
100 _aHarcave Sidney
_9113030
245 0 _aRussian revolution of 1905
260 _c1964
650 _aHISTORY
942 _hV58:1:N1, K4
_cTEXL
_2CC
999 _c237364
_d237364